000 00304nam a22001337a 4500
008 181009b xxu||||| |||| 00| 0 eng d
020 _a0131105116
041 _aeng
080 _22nd
_a510
100 _a36
101 _aMAT
245 _aCalculus and Analytic Geometry
_cEdwards,C.H
942 _2udc
_cBK
999 _c49123
_d49123